| 000 | 01799nam a22001457a 4500 | ||
|---|---|---|---|
| 008 | 120611t xxu||||| |||| 00| 0 eng d | ||
| 020 | _a047131585 | ||
| 050 | _aHG6042.G89 | ||
| 100 | _aLeroy, Gross | ||
| 245 |
_aThe conservative investor's guide to trading options. / _cGross, Leroy |
||
| 260 |
_aNew York: _bJohn Wiley, _c1999 |
||
| 300 |
_axv, 205 p.: _bill.; _c24cm. |
||
| 505 | _aContents: Option strategies for conservative investors: Reading and understanding option tables -- What you should know about entering option orders -- Commission discounts increase your return on investment -- The Buy stock- write call strategy -- The Sell stock -buy call strategy -- Buying puts on owned stock to preserve profit and limit risk -- Straddle writing for conservative investor -- Selling puts backed by 100% cash reserves -- Hire the experts if you are financial wreckpert -- Guide rules for buy stock-write call strategy -- Leverage profit potential by writing calls secured by deep-in the-money calls -- Defensive strategies for short call option positions secured by stock -- Buying calls can make sense even for conservative investors -- Strategies for investors with long profitable positions -- How to figure your profits or losses and tax consequences -- Strategies conservative investors should avoid : The Strategy of writing ratio calls -- The Strategy of writing ratio puts -- The Naked call writing strategy -- The Calender spread strategy -- The Call option butterfly spread strategy -- Married puts: an expensive wedding between stock and option -- Speculative purchases of put and call options -- The Diagonal call option spread -- The Bullish perpendicular call option spread -- Five questionable strategies that could increase your blood pressure and your losses. | ||
| 942 |
_2lcc _cBK |
||
| 999 |
_c1216 _d8716 |
||